Empirická analýza vybraných ekonomických ukazovateľov súvislosti s makroekonomickou stabilitou v eurozóne

Negatívne vplyvy eura na ekonomiky štátov eurozóny a opodstatnenosť výrokov Miltona Firedmana a Václava Klausa, ktorý kritizujú spoločnú menovú úniu v Európe. Teoretické poznatky a súčasný vývoj vo svete. Vývoj ekonomík používajúcich euro a ekonomík, ktoré nie sú eurom obmedzované.

Gespeichert in:
Bibliographische Detailangaben
1. Verfasser: Géci, Mikuláš
Format: Buchkapitel
Sprache:Slowakisch
Schlagworte:
Tags: Tag hinzufügen
Keine Tags, Fügen Sie das erste Tag hinzu!

MARC

LEADER 00000naa a2200000 4500
001 0212456
005 20220725101052.9
041 0 |a slo 
044 |a SK 
245 1 0 |a Empirická analýza vybraných ekonomických ukazovateľov súvislosti s makroekonomickou stabilitou v eurozóne  |c Mikuláš Géci 
520 |a Negatívne vplyvy eura na ekonomiky štátov eurozóny a opodstatnenosť výrokov Miltona Firedmana a Václava Klausa, ktorý kritizujú spoločnú menovú úniu v Európe. Teoretické poznatky a súčasný vývoj vo svete. Vývoj ekonomík používajúcich euro a ekonomík, ktoré nie sú eurom obmedzované. 
610 2 0 |a eurozóna 
610 2 0 |a analýza empirická 
610 2 0 |a euro 
610 2 0 |a kríza hospodárska 
610 2 0 |a ukazovatele makroekonomické 
610 2 0 |a Európska únia 
100 1 |a Géci, Mikuláš